| 000 | 00569nam a2200181Ia 4500 | ||
|---|---|---|---|
| 999 |
_c14630 _d14630 |
||
| 082 | _aTR.0125 | ||
| 100 | _aReddy, Kaipa Narayana | ||
| 245 | 0 | _aGrowth of public expenditure in India: 1872-1966 | |
| 260 |
_c1968 _bM.S. University of Baroda |
||
| 300 | _axvii, 410p. + C D - 53 | ||
| 504 | _aincludes bibliography | ||
| 650 |
_aIndia _vEconomic conditions _z1872-1966 |
||
| 650 |
_aIndia _vExpenditures, Public _z1872-1966 |
||
| 650 |
_aFinance, Public _vIndia _z1872-1966 |
||
| 650 |
_aNational income _zIndia _z1872-1966 |
||
| 710 | _aGulati, I.S. | ||
| 942 |
_cTH _2ddc |
||